Design and Technology in Metal and Plastics: Book One (Record no. 4240)

MARC details
005 - DATE AND TIME OF LATEST TRANSACTION
control field 20250623073613.0
020 ## - INTERNATIONAL STANDARD BOOK NUMBER
International Standard Book Number 0-17-431-095-1
082 ## - DEWEY DECIMAL CLASSIFICATION NUMBER
Classification number LM 668 WOL
100 ## - MAIN ENTRY--PERSONAL NAME
Author name WOLCHOVER, J. D.
245 ## - TITLE STATEMENT
Title Design and Technology in Metal and Plastics: Book One
260 ## - PUBLICATION, DISTRIBUTION, ETC.
Place of publication, distribution, etc. Windmill Road,
Name of publisher, distributor, etc. Thomas Nelson,
Date of publication, distribution, etc. 1977.
300 ## - PHYSICAL DESCRIPTION
Extent 95p.: ill.; picture
Dimensions 22cm.
942 ## - ADDED ENTRY ELEMENTS (KOHA)
Source of classification or shelving scheme Dewey Decimal Classification
Koha item type Books
Holdings
Date last seen Total checkouts Full call number Barcode Cost, replacement price Price effective from Koha item type Lost status Source of classification or shelving scheme Damaged status Not for loan Withdrawn status Home library Current library Shelving location Date acquired Cost, normal purchase price
06/17/2025   LM 668 WOL 00000013142 30000.00 06/17/2025 Books   Dewey Decimal Classification       College of Business Education Main Library College of Business Education Main Library General Collection 11/03/1982 10000.00